| 000 | 00818cam a2200229 4500 | ||
|---|---|---|---|
| 001 | X113587 | ||
| 008 | 000000n2001 000 0 eng u | ||
| 035 | _a(Sirsi) u113587 | ||
| 245 | _aSpecial report: web watch | ||
| 260 | _c2001 | ||
| 490 |
_aProperty Week _v66(22) 1 June 2001, 53-69(9) |
||
| 520 | _aSpecial feature on property websites comparing the history, marketing, cost, success and future of Fprop, E-Property Investor, Propex and Primepitch. Discusses the use of 3-D virtual property tours and includes a web directory for property professionals. | ||
| 650 | _aVIRTUAL REALITY | ||
| 650 | _aE-PROPERTY INVESTOR | ||
| 650 | _aFPROP | ||
| 650 | _aONLINE MARKETING | ||
| 650 | _aPRIMEPITCH | ||
| 650 | _aPROPEX | ||
| 650 | _aWEBSITES | ||
| 690 | _aINFORMATION TECHNOLOGY-INTERNET | ||
| 942 | _n0 | ||
| 999 |
_c67677 _d67677 |
||